Missing Word: 5 Actors, 1 Role Quiz Stats

Quiz Updated Dec 26, 2015

Challenge
Share
Tweet
Embed
Score 0/26 Timer 04:00
0 Plays Today
Movie Answer % Correct
Actor #1Toy
98.7%
Actor #5Love
95.9%
Actor #2Gun
95.9%
Actor #3Dusk
95.6%
Actor #1Ado
95.1%
Actor #5Confused
92.7%
Actor #3Ocean's
90.4%
Actor #5Harbor
88.6%
Actor #3Perfect
86.3%
SolutionGeorge Clooney
86.1%
Actor #4Midsummer
85.9%
Actor #3Goats
84.2%
Actor #4Yuma
83.6%
Movie Answer % Correct
Actor #2Island
74.5%
SolutionBen Affleck
66.9%
Actor #2True
64.6%
Actor #5Chasing
63.1%
SolutionBatman
59.9%
SolutionChristian Bale
58.4%
SolutionVal Kilmer
58.3%
SolutionMichael Keaton
55%
Actor #2Egypt
47.4%
Actor #1Team
39.7%
Actor #4Terminator
38.9%
Actor #1Johnny
34.3%
Actor #4Exodus
30.7%

Today's Daily Dose

You're not logged in!

Compare scores with friends on all Sporcle quizzes.
Sign Up with Email
OR
Log In

You Might Also Like...

Show Comments

Extras

Top Quizzes Today


Score Distribution

Your Account Isn't Verified!

In order to create a playlist on Sporcle, you need to verify the email address you used during registration. Go to your Sporcle Settings to finish the process.